| 000 | 00662nam a2200205 i 4500 | ||
|---|---|---|---|
| 001 | 28365 | ||
| 003 | ES-MaACL | ||
| 005 | 20250902221310.0 | ||
| 007 | t| | ||
| 008 | 030117s1967 sp ||||1| spa d | ||
| 100 | 1 |
_aBaecher, Max. _924571 |
|
| 245 | 1 | 0 |
_aConstrucciones en hormigón visto / _cMax Baecher y Erwin Heinte ; [traducción de Roberto Terradas Vía]. |
| 260 |
_aBarcelona : _bGustavo Gili, _c[1967] |
||
| 300 |
_a170 p. : _bil. ; _c30 cm. |
||
| 650 | 7 |
_aEstructuras de hormigón _2embne _911296 |
|
| 700 | 1 |
_aHeinte, Erwin. _962388 |
|
| 700 | 1 |
_aTerradas Vía, Roberto. _9109769 |
|
| 852 |
_aES-MaACL _jC-33700 _bR.64451 |
||
| 999 |
_c28365 _d28365 |
||